LEADER 01348oam 2200421zu 450 001 9910714546103321 005 20210804000217.0 010 $a0-585-23220-2 035 $a(CKB)111004368669538 035 $a(SSID)ssj0000226579 035 $a(PQKBManifestationID)12093117 035 $a(PQKBTitleCode)TC0000226579 035 $a(PQKBWorkID)10257917 035 $a(PQKB)11362035 035 $a(EXLCZ)99111004368669538 100 $a20160829d2005 uy 101 0 $aeng 181 $ctxt 182 $cc 183 $acr 200 10$aPrescription Drug Abuse 210 31$a[Place of publication not identified]$cRosen Publishing Group Incorporated The$d2005 300 $aBibliographic Level Mode of Issuance: Monograph 311 $a0-8239-3158-7 330 $aDiscusses how prescription drugs are abused, how to recognize this problem in parents and friends, and how to seek help. 606 $aSubstance Abuse Disorders$2HILCC 606 $aPsychiatry$2HILCC 606 $aHealth & Biological Sciences$2HILCC 615 7$aSubstance Abuse Disorders 615 7$aPsychiatry 615 7$aHealth & Biological Sciences 676 $a362.29/9 700 $aRoberts$b Jeremy$081217 801 0$bPQKB 906 $aBOOK 912 $a9910714546103321 996 $aPrescription Drug Abuse$93264358 997 $aUNINA LEADER 03588nam 2200541 450 001 9910556890803321 005 20221111120634.0 010 $a1-4842-8076-8 024 7 $a10.1007/978-1-4842-8076-8 035 $a(MiAaPQ)EBC6940140 035 $a(Au-PeEL)EBL6940140 035 $a(CKB)21427939800041 035 $a(OCoLC)1306232625 035 $a(OCoLC-P)1306232625 035 $a(CaSebORM)9781484280768 035 $a(PPN)261525395 035 $a(EXLCZ)9921427939800041 100 $a20221111d2022 uy 0 101 0 $aeng 135 $aurcnu|||||||| 181 $ctxt$2rdacontent 182 $cc$2rdamedia 183 $acr$2rdacarrier 200 10$aIntroducing Charticulator for Power BI $edesign vibrant and customized visual representations of data /$fAlison Box 205 $a[First edition]. 210 1$aNew York, New York :$cApress L. P.,$d[2022] 210 4$dİ2022 215 $a1 online resource (407 pages) $cillustrations (chiefly color) 300 $aIncludes index. 311 08$aPrint version: Box, Alison Introducing Charticulator for Power BI Berkeley, CA : Apress L. P.,c2022 9781484280751 320 $aIncludes index. 327 $aChapter 1. Introduction to Charticulator Chapter 2. Marks, Symbols & Lines Chapter 3. Binding Data Chapter 4. Using Symbols Chapter 5. 2D Region Plot Segments Chapter 6. Using Two Categorical Axes Chapter 7. Using Numerical Axe Chapter 8. Charticulator Expressions Chapter 9. Scales & Legends Chapter 10. Guides & Anchoring Chapter 11. Working with Multiple 2D Region Plot Segments Chapter 12. Horizontal & Vertical Line Scaffolds Chapter 13. Polar Scaffolds Chapter 14. Plotting Multiple Measures Chapter 15. Links & Data Linking Chapter 16. The Line Plot Segment Chapter 17. Templates & Nested Charts Chapter 18. Integrating with Power BI Chapter 19. Taking it to the Next Level 330 $aCreate stunning and complex visualizations using the amazing Charticulator custom visuals in Power BI. Charticulator offers users immense power to generate visuals and graphics. To a beginner, there are myriad settings and options that can be combined in what feels like an unlimited number of combinations, giving it the unfair label, "the DAX of the charting world". This is not true. This book is your start-to-finish guide to using Charticulator, a custom visualization software that Microsoft integrated into Power BI Desktop so that Power BI users can create incredibly powerful, customized charts and graphs. You will learn the concepts that underpin the software, journeying through every building block of chart design, enabling you to combine these parts to create spectacular visuals that represent the story of your data. Unlike other custom Power BI visuals, Charticulator runs in a separate application window within Power BI with its own interface and requires a different set of interactions and associated knowledge. This book covers the ins and outs of all of them. 606 $aBusiness intelligence$xComputer programs 606 $aInformation visualization$xComputer programs 606 $aDashboards (Management information systems) 615 0$aBusiness intelligence$xComputer programs. 615 0$aInformation visualization$xComputer programs. 615 0$aDashboards (Management information systems) 676 $a658.4038011 700 $aBox$b Alison$01219381 801 0$bMiAaPQ 801 1$bMiAaPQ 801 2$bMiAaPQ 906 $aBOOK 912 $a9910556890803321 996 $aIntroducing Charticulator for Power BI$92819570 997 $aUNINA